000 01059nam a2200313 a 4500
001 58205
003 CO-BoRNBP
005 20250820155250.0
007 ta
008 150813s2013 cl a gr 00010 spa d
020 _a9789563351705
040 _aCO-BoBLA
_bspa
_cCO-BoBLA
043 _as-cl---
082 0 4 _aI028
_bA75q
_219
100 1 _aArmstrong Olea, Magdalena.
245 1 0 _a¿Quién fue? /
_cMagdalena Armstrong Olea.
250 _a1a. edición
300 _a[40] páginas :
_bilustraciones ;
_c22 x 30 cm.
336 _2rdacontent
_atexto
_btxt
337 _2rdamedia
_asin mediación
_bn
338 _2rdacarrier
_avolumen
_bnc
650 7 _aLibros ilustrados para niños.
_2BLAAUTO
_92001
650 7 _aCuentos infantiles chilenos.
_2BLAAUTO
_9756
650 7 _aContaminación
_x Libros ilustrados para niños.
_2BLAAUTO
_962655
650 7 _aResiduos
_x Libros ilustrados para niños.
_2BLAAUTO
_962656
650 7 _aDisposición de residuos
_x Libros ilustrados para niños.
_2BLAAUTO
_962657
942 _2ddc
_cBK
949 _an
_bn
999 _c58205
_d58205